[Event "Quebec op U2000"]
[Site "Longueuil CAN"]
[Date "2018.07.23"]
[Round "4.37"]
[White "Morin, Louis"]
[Black "Sharpe, Michael"]
[Result "1-0"]
[WhiteElo "1899"]
[BlackElo "1653"]
[PlyCount "87"]
[EventDate "2018.07.21"]
[EventType "swiss"]
[EventRounds "9"]
[EventCountry "CAN"]

1. e4 c5 2. d4 cxd4 3. c3 dxc3 4. Nxc3 Nc6 5. Nf3 d6 6. Bc4 e6 7. O-O Nf6 8.
Qe2 Be7 9. Rd1 e5 10. h3 h6 11. Be3 O-O 12. Bc5 a6 13. a4 Be6 14. Nd5 Bxd5 15.
Bxd5 Qc7 16. Ba3 Nxd5 17. exd5 Nd4 18. Nxd4 exd4 19. Rac1 Qd7 20. Rxd4 Rfc8 21.
Rdc4 Rxc4 22. Rxc4 b5 23. Rc6 bxa4 24. Qc2 Bf8 25. Qxa4 Ra7 26. Qc4 Ra8 27.
Rxa6 Rxa6 28. Qxa6 Qe7 29. Qf1 Qe5 30. Qd1 g5 31. Qd2 Bg7 32. g3 Kf8 33. Bb4 f5
34. Bc3 Qe4 35. Bxg7+ Kxg7 36. b4 f4 37. g4 Qb1+ 38. Kh2 Qe4 39. b5 Qe8 40.
Qb2+ Kg6 41. b6 f3 42. b7 Qe2 43. b8=Q Qf1 44. Qg8# 1-0

[Event "Quebec op U2000"]
[Site "Longueuil CAN"]
[Date "2018.07.24"]
[Round "5.26"]
[White "Craciun, David"]
[Black "Richard, Leo"]
[Result "1-0"]
[WhiteElo "1879"]
[BlackElo "1915"]
[PlyCount "51"]
[EventDate "2018.07.21"]
[EventType "swiss"]
[EventRounds "9"]
[EventCountry "CAN"]

1. d4 d5 2. Bf4 e6 3. Nf3 c5 4. e3 Nc6 5. c3 Nf6 6. Nbd2 Bd6 7. Bg3 Bxg3 8.
hxg3 cxd4 9. exd4 h6 10. Bd3 Qd6 11. Qe2 Rb8 12. Ne5 Nd7 13. f4 Ndxe5 14. fxe5
Qe7 15. Qg4 Kf8 16. O-O Qg5 17. Qf3 Nd8 18. Qf2 h5 19. Nf3 Qh6 20. c4 dxc4 21.
Bxc4 Bd7 22. d5 b6 23. Nd4 exd5 24. Bxd5 Qg6 25. Rae1 Be6 26. Nxe6+ 1-0

[Event "Quebec op U2000"]
[Site "Longueuil CAN"]
[Date "2018.07.24"]
[Round "5.27"]
[White "Demers, Alexis"]
[Black "Marcone, Malcom"]
[Result "1-0"]
[WhiteElo "1686"]
[BlackElo "1997"]
[PlyCount "55"]
[EventDate "2018.07.21"]
[EventType "swiss"]
[EventRounds "9"]
[EventCountry "CAN"]

1. d4 e6 2. c4 b6 3. Nf3 Bb7 4. Bf4 Bb4+ 5. Nbd2 f5 6. e3 Nf6 7. Bd3 O-O 8. O-O
Nh5 9. Bg3 Nxg3 10. hxg3 g5 11. a3 Be7 12. e4 Qe8 13. exf5 exf5 14. Re1 Qf7 15.
Bxf5 Qxf5 16. Rxe7 Nc6 17. Re2 g4 18. Nh4 Qf6 19. Nb3 a5 20. a4 h5 21. Qd2 Ba6
22. Rc1 d5 23. cxd5 Bxe2 24. Rxc6 Qxf2+ 25. Kh2 Rf6 26. Qg5+ Kf7 27. Rxc7+ Ke8
28. Qg8+ 1-0

[Event "Quebec op U2000"]
[Site "Longueuil CAN"]
[Date "2018.07.24"]
[Round "5.28"]
[White "Beaudry, Marc-Andre"]
[Black "Steinberg, Ellis"]
[Result "1-0"]
[WhiteElo "1996"]
[BlackElo "1801"]
[PlyCount "99"]
[EventDate "2018.07.21"]
[EventType "swiss"]
[EventRounds "9"]
[EventCountry "CAN"]

1. c4 Nf6 2. Nc3 g6 3. e4 d6 4. d4 Bg7 5. f3 b6 6. Bg5 Bb7 7. Qd2 h6 8. Be3 c5
9. d5 Nbd7 10. Nh3 a6 11. a4 Qc7 12. Be2 Ne5 13. O-O Bc8 14. Nf2 h5 15. h3 Ned7
16. Rae1 O-O 17. f4 Ne8 18. Bd3 Qd8 19. e5 dxe5 20. f5 gxf5 21. Bxf5 Nd6 22.
Nfe4 Nf6 23. Nxd6 Qxd6 24. Bg5 e6 25. Be4 Ne8 26. dxe6 Qxd2 27. exf7+ Rxf7 28.
Bxd2 Rxf1+ 29. Rxf1 Ra7 30. Bd5+ Kh8 31. Ne4 Bb7 32. Bxb7 Rxb7 33. Rf5 Rd7 34.
Rxh5+ Kg8 35. Bc3 Re7 36. a5 Nf6 37. Nxf6+ Bxf6 38. axb6 Re6 39. Ba5 Re7 40.
Rf5 Kg7 41. b4 cxb4 42. Bxb4 Rd7 43. c5 Rd1+ 44. Rf1 Rd4 45. Be1 Bd8 46. b7 Bc7
47. Ba5 Bb8 48. c6 Ra4 49. c7 Ba7+ 50. Bb6 1-0

[Event "Quebec op U2000"]
[Site "Longueuil CAN"]
[Date "2018.07.24"]
[Round "5.29"]
[White "De Lagrave, Sylvain"]
[Black "Zhang, Hou Han"]
[Result "1-0"]
[WhiteElo "1953"]
[BlackElo "1770"]
[PlyCount "127"]
[EventDate "2018.07.21"]
[EventType "swiss"]
[EventRounds "9"]
[EventCountry "CAN"]

1. e4 c5 2. Nf3 d6 3. d4 cxd4 4. Qxd4 Nc6 5. Bb5 Bd7 6. Bxc6 Bxc6 7. Nc3 Nf6 8.
Bg5 e5 9. Qd3 Be7 10. O-O-O O-O 11. Kb1 Qa5 12. Bxf6 Bxf6 13. Nd5 Bxd5 14. Qxd5
Qxd5 15. Rxd5 Be7 16. Rhd1 Rac8 17. Nd2 Rc6 18. b3 f5 19. exf5 Rxf5 20. Ne4 Kf7
21. f3 Ke6 22. c4 b6 23. a4 Rf8 24. Kb2 g5 25. h3 h5 26. Rh1 Rf4 27. Kc2 g4 28.
hxg4 hxg4 29. Rh6+ Kd7 30. Rd3 gxf3 31. gxf3 Rh4 32. Rxh4 Bxh4 33. Rd1 Be7 34.
Kd3 Rc8 35. Rh1 Rg8 36. Rh7 Ke6 37. Nc3 Rf8 38. Ke2 Rf7 39. Rxf7 Kxf7 40. Kd3
Ke6 41. Ke4 Bg5 42. Nd5 Bd2 43. b4 a5 44. b5 Bb4 45. Nxb6 Bc5 46. Nd5 Kd7 47.
f4 exf4 48. Nxf4 Ba3 49. Kd5 Bc5 50. Ne6 Bb6 51. Nf8+ Kc7 52. Ke6 Bc5 53. Nd7
Bb4 54. Nf6 Kd8 55. Kd5 Kc7 56. Ne8+ Kd7 57. b6 Bc5 58. b7 Ba7 59. Nxd6 Bb8 60.
c5 Kc7 61. c6 Kb6 62. Nc4+ Ka6 63. Ne5 Bc7 64. Nd7 1-0

[Event "Quebec op U2000"]
[Site "Longueuil CAN"]
[Date "2018.07.24"]
[Round "5.30"]
[White "Desmarais, Serge"]
[Black "Hadji Ghanbari, Nader"]
[Result "1/2-1/2"]
[WhiteElo "1626"]
[BlackElo "1895"]
[PlyCount "102"]
[EventDate "2018.07.21"]
[EventType "swiss"]
[EventRounds "9"]
[EventCountry "CAN"]

1. d4 Nf6 2. c4 c5 3. Nf3 cxd4 4. Nxd4 e6 5. Nb5 d6 6. Bf4 e5 7. Bg3 a6 8. N5c3
Qb6 9. Qb3 Qc7 10. Nd2 Nc6 11. e3 Be6 12. Nd5 Bxd5 13. cxd5 Na5 14. Qd3 b6 15.
b4 Nb7 16. Be2 Be7 17. O-O O-O 18. Rfc1 Qb8 19. Rc6 Nd8 20. Rc2 a5 21. Rac1
axb4 22. Qb5 Ra5 23. Qd3 Nxd5 24. Nb3 Nc3 25. Nxa5 bxa5 26. Rxc3 bxc3 27. Qxc3
a4 28. Bd1 Qa8 29. Qa3 Qa5 30. f3 Ne6 31. Qxa4 Qd2 32. Qa3 d5 33. Qc3 Bb4 34.
Qxd2 Bxd2 35. Rb1 Bxe3+ 36. Kf1 Nf4 37. Bxf4 exf4 38. Bc2 g6 39. a4 Ra8 40. Ke2
Kf8 41. Rb5 d4 42. a5 Ra7 43. Bd3 Ke7 44. a6 Kd6 45. Rb7 Rxb7 46. axb7 Kc7 47.
Be4 f5 48. Bd5 g5 49. h3 h6 50. Kd3 Bf2 51. Kc4 Be3 1/2-1/2

[Event "Quebec op U2000"]
[Site "Longueuil CAN"]
[Date "2018.07.24"]
[Round "5.31"]
[White "Guipi Bopala, Prince Eric jr"]
[Black "Robillard, Jean-Philippe"]
[Result "0-1"]
[WhiteElo "1796"]
[BlackElo "1819"]
[PlyCount "114"]
[EventDate "2018.07.21"]
[EventType "swiss"]
[EventRounds "9"]
[EventCountry "CAN"]

1. d4 Nf6 2. c4 e6 3. Nc3 d5 4. cxd5 exd5 5. Bg5 Be7 6. e3 O-O 7. Nf3 Re8 8.
Bd3 h6 9. Bh4 c6 10. O-O Ne4 11. Bxe7 Nxc3 12. bxc3 Qxe7 13. Qc2 b6 14. c4 Be6
15. cxd5 cxd5 16. Rfc1 Nd7 17. a4 Bg4 18. Nd2 Nf8 19. Qb3 Qd6 20. a5 Reb8 21.
Qa4 Bd7 22. Bb5 Bxb5 23. Qxb5 a6 24. Qc6 Qd8 25. axb6 Rxb6 26. Qc3 Rb5 27. Rcb1
Nd7 28. Qc6 Rxb1+ 29. Rxb1 Nf6 30. h3 a5 31. Qa4 Qc7 32. Ra1 g5 33. g3 g4 34.
h4 Ra6 35. Nb3 Ne4 36. Qe8+ Kh7 37. Rc1 Nf6 38. Rxc7 Nxe8 39. Rxf7+ Kg6 40. Rd7
a4 41. Na1 Rc6 42. h5+ Kf6 43. Rd8 Rc1+ 44. Kg2 Ng7 45. Rxd5 Rxa1 46. Rd6+ Kf7
47. Rxh6 a3 48. Ra6 Nxh5 49. e4 Nf6 50. e5 Nd5 51. Rd6 a2 52. Rxd5 Rd1 53. Ra5
a1=Q 54. Rxa1 Rxa1 55. f4 Ra2+ 56. Kf1 Ke6 57. Kg1 Rd2 0-1

[Event "Quebec op U2000"]
[Site "Longueuil CAN"]
[Date "2018.07.24"]
[Round "5.32"]
[White "Parenteau, Francois"]
[Black "Lalumiere, Claude"]
[Result "1-0"]
[WhiteElo "1884"]
[BlackElo "1923"]
[PlyCount "97"]
[EventDate "2018.07.21"]
[EventType "swiss"]
[EventRounds "9"]
[EventCountry "CAN"]

1. d4 Nf6 2. Nf3 e6 3. e3 c5 4. Bd3 d5 5. b3 Bd6 6. O-O Nbd7 7. Bb2 O-O 8. Nbd2
Re8 9. Ne5 cxd4 10. exd4 Nf8 11. f4 N6d7 12. Qh5 g6 13. Qh6 Qf6 14. c4 Qg7 15.
Qxg7+ Kxg7 16. c5 Be7 17. b4 h5 18. a4 Bd8 19. Bc3 Bc7 20. Bc2 f6 21. Nd3 Nh7
22. Rae1 Kf7 23. b5 Nb8 24. Re3 Nf8 25. Nb3 Bd8 26. Rfe1 Bd7 27. Nb4 a6 28. Bd3
axb5 29. axb5 Ra3 30. Rb1 Bc7 31. g3 Nh7 32. Bd2 f5 33. Ree1 Nf6 34. Nc2 Ra4
35. Ra1 Rxa1 36. Rxa1 Bd8 37. Ra7 Bc8 38. Ra8 Nfd7 39. Ba5 b6 40. c6 Bb7 41.
cxd7 Nxd7 42. Ra7 Bc8 43. Bb4 Bf6 44. Bd6 h4 45. Nb4 hxg3 46. hxg3 g5 47. Nc6
Kg6 48. Rc7 Nf8 49. Bxf8 1-0

[Event "Quebec op U2000"]
[Site "Longueuil CAN"]
[Date "2018.07.24"]
[Round "5.33"]
[White "Messier, David"]
[Black "Mangahas, Ronald"]
[Result "0-1"]
[WhiteElo "1826"]
[BlackElo "1890"]
[PlyCount "116"]
[EventDate "2018.07.21"]
[EventType "swiss"]
[EventRounds "9"]
[EventCountry "CAN"]

1. e4 c5 2. Nf3 d6 3. c3 Nf6 4. d3 e6 5. Be2 Be7 6. O-O O-O 7. Nbd2 Nbd7 8. d4
a6 9. a4 b6 10. e5 dxe5 11. dxe5 Nd5 12. Re1 Qc7 13. Nc4 Bb7 14. Bd3 Rfd8 15.
Ng5 Nf8 16. Qh5 Bxg5 17. Bxg5 Rd7 18. Be4 Bc6 19. Qf3 Ng6 20. h4 h6 21. h5 Nf8
22. Bh4 Rc8 23. Nd6 f5 24. Bxd5 Bxd5 25. Qg3 Rb8 26. Rac1 b5 27. b4 bxa4 28. c4
Bc6 29. bxc5 Rb3 30. Re3 Qb8 31. Ra1 Qb4 32. Rxb3 axb3 33. Rb1 Ba4 34. c6 Bxc6
35. Rxb3 Qe1+ 36. Kh2 Qd1 37. Ne8 f4 38. Nf6+ Kh8 39. Qxf4 Qxb3 40. Nxd7 Nxd7
41. Qf7 Qxc4 42. Qe8+ Kh7 43. Qg6+ Kg8 44. Bf6 Nxf6 45. exf6 Qf4+ 46. Kg1 Qxf6
47. Qc2 Qa1+ 48. Kh2 Qe5+ 49. Kg1 Qd5 50. f3 e5 51. Qf5 e4 52. Qc8+ Kh7 53. Qg4
exf3 54. Qg6+ Kg8 55. Qg4 fxg2 56. Qe2 Qd4+ 57. Qf2 Qd1+ 58. Kh2 Qh1+ 0-1

[Event "Quebec op U2000"]
[Site "Longueuil CAN"]
[Date "2018.07.24"]
[Round "5.34"]
[White "Chevalier, Francois"]
[Black "Morin, Louis"]
[Result "0-1"]
[WhiteElo "1782"]
[BlackElo "1899"]
[PlyCount "54"]
[EventDate "2018.07.21"]
[EventType "swiss"]
[EventRounds "9"]
[EventCountry "CAN"]

1. d4 d5 2. Bf4 e6 3. e3 Nf6 4. Nd2 Bd6 5. Bg3 O-O 6. Bd3 b6 7. Ngf3 Ba6 8.
Bxa6 Nxa6 9. c3 Nb8 10. Qc2 Nbd7 11. O-O Re8 12. Ne5 Bxe5 13. dxe5 Ng4 14. Nf3
c5 15. h3 Nh6 16. Rad1 Nf5 17. Bh2 Nh4 18. Nxh4 Qxh4 19. f4 f5 20. exf6 Nxf6
21. c4 Rad8 22. cxd5 exd5 23. Rde1 Re4 24. Qf2 Qxf2+ 25. Kxf2 Rb8 26. Bg3 Ra4
27. a3 Ne4+ 0-1

[Event "Quebec op U2000"]
[Site "Longueuil CAN"]
[Date "2018.07.24"]
[Round "5.35"]
[White "Armstrong, Robert J"]
[Black "Selling, Edward"]
[Result "0-1"]
[WhiteElo "1512"]
[BlackElo "1845"]
[PlyCount "104"]
[EventDate "2018.07.21"]
[EventType "swiss"]
[EventRounds "9"]
[EventCountry "CAN"]

1. g3 Nf6 2. Bg2 c6 3. c4 d5 4. cxd5 cxd5 5. Qb3 Nc6 6. Nc3 e6 7. d3 Be7 8. Bg5
O-O 9. Rc1 a6 10. e3 Qa5 11. Nge2 Nb4 12. O-O Nxd3 13. Rb1 h6 14. Bxf6 Bxf6 15.
a3 Ne5 16. Rfd1 Rb8 17. e4 dxe4 18. Nxe4 Be7 19. Nd6 b5 20. Nf4 Bxd6 21. Rxd6
Nc4 22. Rd4 Nd2 23. Rxd2 Qxd2 24. Rd1 Qa5 25. h4 Bb7 26. Qe3 Bxg2 27. Kxg2 b4
28. Rd7 bxa3 29. bxa3 Qa4 30. Qa7 Qe4+ 31. Kh2 Ra8 32. Qc5 a5 33. Qc3 a4 34.
Re7 Qf5 35. Qd4 Rfd8 36. Qb2 Qf6 37. Qb7 g5 38. hxg5 hxg5 39. Nh3 Rf8 40. Rd7
Kg7 41. Kg2 Rh8 42. Nxg5 Raf8 43. Nf3 Rh5 44. Nh4 Rfh8 45. Qb4 Rxh4 46. gxh4
Rxh4 47. Qd2 Qg6+ 48. Kf1 Rh1+ 49. Ke2 Qg4+ 50. Kd3 Rh3+ 51. Kc2 Qc4+ 52. Kb2
Qb3+ 0-1

[Event "Quebec op U2000"]
[Site "Longueuil CAN"]
[Date "2018.07.24"]
[Round "5.36"]
[White "Weston, Paul"]
[Black "Turgeon, Yoakim"]
[Result "1-0"]
[WhiteElo "1886"]
[BlackElo "1825"]
[PlyCount "81"]
[EventDate "2018.07.21"]
[EventType "swiss"]
[EventRounds "9"]
[EventCountry "CAN"]

1. e4 e5 2. Nf3 Nc6 3. d4 exd4 4. Bc4 Nf6 5. O-O Be7 6. Re1 d6 7. Nxd4 O-O 8.
Nc3 Ne5 9. Bf1 Re8 10. h3 Nfd7 11. f4 Ng6 12. Bc4 Bh4 13. Bxf7+ Kxf7 14. f5
Bxe1 15. fxg6+ hxg6 16. Qxe1 Nc5 17. Nf3 Ne6 18. Qg3 c6 19. Be3 d5 20. Rf1 Kg8
21. Qxg6 Rf8 22. exd5 cxd5 23. Rd1 d4 24. Ne4 Bd7 25. Nfg5 Nxg5 26. Nxg5 Bf5
27. Qh5 Qe8 28. Qxe8 Rfxe8 29. Bxd4 Bxc2 30. Rc1 Bg6 31. Rc7 Rad8 32. Bc3 Rd1+
33. Kh2 Bf5 34. Rxg7+ Kf8 35. Rf7+ Kg8 36. Rxf5 Re7 37. Nf3 Rc1 38. Ne5 Rc2 39.
Rg5+ Kh7 40. Ng4 Rxg2+ 41. Kxg2 1-0

[Event "Quebec op U2000"]
[Site "Longueuil CAN"]
[Date "2018.07.24"]
[Round "5.37"]
[White "Leger, Manon"]
[Black "Samson, Gaetan"]
[Result "0-1"]
[WhiteElo "1752"]
[BlackElo "1755"]
[PlyCount "62"]
[EventDate "2018.07.21"]
[EventType "swiss"]
[EventRounds "9"]
[EventCountry "CAN"]

1. e4 c5 2. Nf3 d6 3. d4 cxd4 4. Nxd4 Nf6 5. Nc3 a6 6. Bg5 e6 7. f4 Be7 8. Qf3
Qc7 9. O-O-O Nc6 10. g4 Bd7 11. Nb3 Rc8 12. Bxf6 Bxf6 13. a3 Na5 14. Nd4 Nc4
15. Bxc4 Qxc4 16. Qd3 b5 17. Rhe1 b4 18. axb4 Qxb4 19. g5 Be7 20. Qxa6 O-O 21.
Nb3 Ra8 22. Qd3 f5 23. e5 Qxf4+ 24. Kb1 d5 25. Nxd5 exd5 26. Qxd5+ Kh8 27. Qxd7
Bxg5 28. Qd2 Qh4 29. Qe2 Qa4 30. c4 Qxb3 31. e6 Rfb8 0-1

[Event "Quebec op U2000"]
[Site "Longueuil CAN"]
[Date "2018.07.24"]
[Round "5.38"]
[White "Duplessis, Claude"]
[Black "Pommainville, Roland"]
[Result "1-0"]
[WhiteElo "1712"]
[BlackElo "1634"]
[PlyCount "45"]
[EventDate "2018.07.21"]
[EventType "swiss"]
[EventRounds "9"]
[EventCountry "CAN"]

1. e4 e5 2. Nf3 d6 3. d4 exd4 4. Qxd4 Nc6 5. Bb5 Nge7 6. Bg5 f6 7. Bf4 Bd7 8.
Bxc6 Bxc6 9. Nc3 Qd7 10. O-O-O Nc8 11. Rhe1 Nb6 12. Kb1 O-O-O 13. Nd5 Bxd5 14.
exd5 Kb8 15. Rd3 Qf7 16. a4 Nd7 17. Be3 b6 18. a5 Nc5 19. Ra3 Rc8 20. b4 Nd7
21. Qc4 Kb7 22. Qc6+ Kb8 23. a6 1-0

[Event "Quebec op U2000"]
[Site "Longueuil CAN"]
[Date "2018.07.25"]
[Round "6.26"]
[White "Craciun, David"]
[Black "Demers, Alexis"]
[Result "1-0"]
[WhiteElo "1879"]
[BlackElo "1686"]
[PlyCount "144"]
[EventDate "2018.07.21"]
[EventType "swiss"]
[EventRounds "9"]
[EventCountry "CAN"]

1. d4 e6 2. Bf4 d5 3. Nf3 Bd6 4. Bg3 c5 5. e3 Nc6 6. c3 Nf6 7. Bd3 O-O 8. Nbd2
b6 9. Ne5 Bb7 10. O-O Ne7 11. f4 Nf5 12. Bf2 Be7 13. Ng4 Ne8 14. Qc2 Ned6 15.
dxc5 bxc5 16. e4 dxe4 17. Nxe4 c4 18. Nxd6 cxd3 19. Nxb7 dxc2 20. Nxd8 Rfxd8
21. Rac1 Rd2 22. Ne3 Nxe3 23. Bxe3 Re2 24. Rfe1 Rxe1+ 25. Rxe1 Rb8 26. Bc1 Rd8
27. Kf1 h6 28. Ke2 g5 29. fxg5 hxg5 30. Bd2 Rd5 31. Rc1 Bd6 32. g3 Re5+ 33. Kd3
Rf5 34. Be3 Rf3 35. Ke2 Rf5 36. Bd4 Bc5 37. Bxc5 Rxc5 38. Rxc2 Kf8 39. c4 g4
40. b4 Re5+ 41. Kd3 Ke7 42. c5 Kd7 43. a4 a6 44. Kd4 Rh5 45. b5 Rd5+ 46. Kc4
axb5+ 47. axb5 Rd1 48. Rc3 e5 49. b6 Kc6 50. Rb3 Rc1+ 51. Kd3 Kb7 52. Rb5 f5
53. c6+ Rxc6 54. Rxe5 Rxb6 55. Rxf5 Rh6 56. Rf2 Kc7 57. Ke2 Kd6 58. Kf1 Ke5 59.
Kg2 Rg6 60. Rf4 Rg7 61. h3 gxh3+ 62. Kxh3 Rh7+ 63. Kg4 Rg7+ 64. Kf3 Rg8 65. g4
Ra8 66. Rf5+ Ke6 67. Kf4 Ra1 68. Kg5 Rh1 69. Kg6 Rg1 70. g5 Ke7 71. Rf7+ Ke8
72. Rf6 Ke7 1-0

[Event "Quebec op U2000"]
[Site "Longueuil CAN"]
[Date "2018.07.25"]
[Round "6.27"]
[White "Robillard, Jean-Philippe"]
[Black "Beaudry, Marc-Andre"]
[Result "0-1"]
[WhiteElo "1819"]
[BlackElo "1996"]
[PlyCount "56"]
[EventDate "2018.07.21"]
[EventType "swiss"]
[EventRounds "9"]
[EventCountry "CAN"]

1. d4 Nf6 2. c4 e6 3. Nf3 Bb4+ 4. Bd2 a5 5. e3 b6 6. Bd3 Bb7 7. a3 Bxd2+ 8.
Nbxd2 d6 9. b4 Nbd7 10. O-O e5 11. Qc2 Qe7 12. d5 O-O 13. Nh4 g6 14. f4 axb4
15. axb4 Ng4 16. Rxa8 Rxa8 17. Ndf3 Nxe3 18. Qb1 Nxf1 19. Bxg6 hxg6 20. Nxg6
Qf6 21. Ne7+ Qxe7 22. Qf5 Ne3 23. Qh5 exf4 24. h4 Qf6 25. Ng5 Qg6 26. Qf3 Ra1+
27. Kh2 Ne5 28. Qxf4 Bc8 0-1

[Event "Quebec op U2000"]
[Site "Longueuil CAN"]
[Date "2018.07.25"]
[Round "6.28"]
[White "Hadji Ghanbari, Nader"]
[Black "De Lagrave, Sylvain"]
[Result "1/2-1/2"]
[WhiteElo "1895"]
[BlackElo "1953"]
[PlyCount "107"]
[EventDate "2018.07.21"]
[EventType "swiss"]
[EventRounds "9"]
[EventCountry "CAN"]

1. e4 c5 2. Nf3 d6 3. d4 cxd4 4. Nxd4 Nf6 5. Nc3 a6 6. g3 e5 7. Nde2 Be7 8. Bg2
Be6 9. a4 O-O 10. O-O Qc7 11. h3 Nbd7 12. Be3 Nb6 13. g4 Nc4 14. Bc1 h6 15. b3
Nb6 16. Nd5 Nbxd5 17. exd5 Bd7 18. a5 b5 19. axb6 Qxb6 20. Be3 Qb4 21. Bd2 Qb6
22. Be3 Qb4 23. c3 Qb7 24. c4 Bd8 25. Qd3 Bb6 26. Rfb1 Bxe3 27. Qxe3 Qb4 28.
Ng3 Rfb8 29. Ne4 Nxe4 30. Bxe4 a5 31. Qd3 Qc5 32. Qe3 Qxe3 33. fxe3 g6 34. Bc2
Rb4 35. Ra2 a4 36. bxa4 Rxb1+ 37. Bxb1 Rxa4 38. Rxa4 Bxa4 39. Kf2 Bd7 40. e4
Kg7 41. Bc2 Kf6 42. Kg3 Ke7 43. h4 Kd8 44. g5 hxg5 45. hxg5 Kc7 46. c5 dxc5 47.
Bb3 Bb5 48. d6+ Kxd6 49. Bxf7 c4 50. Kf3 c3 51. Ke3 c2 52. Kd2 Bd3 53. Bxg6 Ke7
54. Bf5 1/2-1/2

[Event "Quebec op U2000"]
[Site "Longueuil CAN"]
[Date "2018.07.25"]
[Round "6.29"]
[White "Desmarais, Serge"]
[Black "Marcone, Malcom"]
[Result "0-1"]
[WhiteElo "1626"]
[BlackElo "1997"]
[PlyCount "112"]
[EventDate "2018.07.21"]
[EventType "swiss"]
[EventRounds "9"]
[EventCountry "CAN"]

1. d4 Nf6 2. c4 c5 3. Nf3 cxd4 4. Nxd4 e5 5. Nc2 b5 6. e3 bxc4 7. Bxc4 d5 8.
Bb5+ Bd7 9. Nc3 Bxb5 10. Nxb5 Nc6 11. O-O Bc5 12. Qe2 O-O 13. b3 Re8 14. Rd1
Qe7 15. Bb2 Rad8 16. f3 a6 17. Nba3 d4 18. exd4 exd4 19. Qxe7 Rxe7 20. Kf1 d3
21. Ne1 Nd5 22. Rxd3 Ne3+ 23. Rxe3 Bxe3 24. Nc4 Ba7 25. Nc2 f6 26. Re1 Rxe1+
27. Kxe1 Kf7 28. Bc3 Rd3 29. Bb2 Bc5 30. Ke2 Rd5 31. N2e3 Bxe3 32. Nxe3 Ra5 33.
a3 Rb5 34. b4 a5 35. Nc4 Ke6 36. Bc3 axb4 37. axb4 Nxb4 38. Ne3 Nd5 39. Nxd5
Kxd5 40. Kf2 Kc4 41. Be1 Kd3 42. Kg3 Ke2 43. Bc3 Kd3 44. Be1 Rb2 45. Kh3 Ke2
46. Bc3 Rc2 47. Bb4 Kf1 48. g4 Kg1 49. Bd6 g5 50. Bg3 Rc3 51. Bf2+ Kf1 52. Bg3
Re3 53. Bf2 Rxf3+ 54. Bg3 Rf4 55. Bxf4 gxf4 56. Kh4 Kg2 0-1

[Event "Quebec op U2000"]
[Site "Longueuil CAN"]
[Date "2018.07.25"]
[Round "6.30"]
[White "Richard, Leo"]
[Black "Parenteau, Francois"]
[Result "1-0"]
[WhiteElo "1915"]
[BlackElo "1884"]
[PlyCount "67"]
[EventDate "2018.07.21"]
[EventType "swiss"]
[EventRounds "9"]
[EventCountry "CAN"]

1. e4 d5 2. exd5 Qxd5 3. Nc3 Qd8 4. d4 Nf6 5. h3 Nc6 6. Nf3 Bf5 7. Bb5 a6 8.
Bxc6+ bxc6 9. Ne5 c5 10. Qf3 cxd4 11. Nc6 Qd6 12. Nxd4 Qe5+ 13. Be3 Be4 14.
Nxe4 Qxe4 15. Qxe4 Nxe4 16. O-O-O c5 17. Nb3 e6 18. f3 Ng3 19. Rhe1 Rc8 20. Bf2
Nh5 21. g4 Nf4 22. Bg3 g5 23. Bxf4 gxf4 24. Re4 h5 25. g5 h4 26. Rxf4 Rh5 27.
Rg4 Be7 28. g6 fxg6 29. Rxg6 Bg5+ 30. Nd2 Rc6 31. Rg1 Be3 32. Re1 Re5 33. Kb1
Rd6 34. Nc4 1-0

[Event "Quebec op U2000"]
[Site "Longueuil CAN"]
[Date "2018.07.25"]
[Round "6.31"]
[White "Steinberg, Ellis"]
[Black "Mangahas, Ronald"]
[Result "1-0"]
[WhiteElo "1801"]
[BlackElo "1890"]
[PlyCount "91"]
[EventDate "2018.07.21"]
[EventType "swiss"]
[EventRounds "9"]
[EventCountry "CAN"]

1. e4 c5 2. Nf3 d6 3. d4 cxd4 4. Nxd4 Nf6 5. Nc3 a6 6. Bc4 e6 7. Bb3 Be7 8. Be3
b5 9. f3 Qc7 10. Qd2 Bd7 11. O-O-O Nc6 12. Kb1 Rc8 13. Ndxb5 axb5 14. Nxb5 Qb8
15. Nxd6+ Bxd6 16. Qxd6 Qxd6 17. Rxd6 Na5 18. e5 Ng8 19. Rhd1 Bc6 20. Bb6 Nb7
21. Rxc6 Rxc6 22. Ba4 Ne7 23. c4 O-O 24. Bxc6 Nxc6 25. Rd7 Nba5 26. Bxa5 Nxa5
27. Rc7 Rb8 28. Kc2 Kf8 29. Kc3 Rb6 30. b4 Rc6 31. Rxc6 Nxc6 32. f4 Ke8 33. b5
Ne7 34. a4 Kd7 35. a5 Kc7 36. Kb4 f6 37. Kc5 fxe5 38. fxe5 Nc8 39. b6+ Kb7 40.
Kb5 Ne7 41. a6+ Kb8 42. Kc5 Nf5 43. g4 Ne3 44. h3 g5 45. Kb5 Nd1 46. Kc6 1-0

[Event "Quebec op U2000"]
[Site "Longueuil CAN"]
[Date "2018.07.25"]
[Round "6.32"]
[White "Morin, Louis"]
[Black "Weston, Paul"]
[Result "1-0"]
[WhiteElo "1899"]
[BlackElo "1886"]
[PlyCount "107"]
[EventDate "2018.07.21"]
[EventType "swiss"]
[EventRounds "9"]
[EventCountry "CAN"]

1. e4 e5 2. Nf3 Nc6 3. Bc4 Bc5 4. Bxf7+ Kxf7 5. Nxe5+ Nxe5 6. Qh5+ Ng6 7. Qd5+
Ke8 8. Qxc5 d6 9. Qe3 Nf6 10. O-O Ng4 11. Qg3 h5 12. d4 h4 13. Qd3 h3 14. g3
Ne7 15. f3 Nf6 16. c4 c6 17. d5 cxd5 18. cxd5 Bd7 19. Nc3 Qb6+ 20. Rf2 a6 21.
Be3 Qb4 22. a3 Qb3 23. Rd1 Rc8 24. Rdd2 b5 25. Bf4 b4 26. axb4 Qxb4 27. Qxa6
Kf7 28. Bxd6 Qc4 29. Qxc4 Rxc4 30. e5 Nfxd5 31. Nxd5 Rc1+ 32. Rf1 Rxf1+ 33.
Kxf1 Nxd5 34. Rxd5 Rc8 35. Rc5 Ra8 36. Rc1 Ra5 37. Rd1 Ba4 38. b4 Bb5+ 39. Ke1
Ra2 40. Rd2 Ra1+ 41. Kf2 Rf1+ 42. Ke3 g5 43. Bc5 Re1+ 44. Kd4 Ke6 45. f4 gxf4
46. gxf4 Rf1 47. Ke3 Kf5 48. Rf2 Rd1 49. Rd2 Rf1 50. Rd6 Re1+ 51. Kf3 Rf1+ 52.
Bf2 Rxf2+ 53. Kxf2 Kxf4 54. Rd5 1-0

[Event "Quebec op U2000"]
[Site "Longueuil CAN"]
[Date "2018.07.25"]
[Round "6.33"]
[White "Selling, Edward"]
[Black "Zhang, Hou Han"]
[Result "0-1"]
[WhiteElo "1845"]
[BlackElo "1770"]
[PlyCount "90"]
[EventDate "2018.07.21"]
[EventType "swiss"]
[EventRounds "9"]
[EventCountry "CAN"]

1. d4 Nf6 2. Nf3 g6 3. Bf4 Bg7 4. c3 d6 5. h3 O-O 6. Nbd2 c5 7. e3 cxd4 8. exd4
Be6 9. Be2 Qb6 10. Nb3 a5 11. Rb1 a4 12. Nc1 Nd5 13. Bd2 Bf5 14. Bd3 Bxd3 15.
Nxd3 Nc6 16. O-O e5 17. dxe5 dxe5 18. c4 Nde7 19. Be3 Qc7 20. Nc5 Rfd8 21. Qe2
Nd4 22. Bxd4 exd4 23. Nd3 Nf5 24. c5 Re8 25. Qc2 Qc6 26. b4 axb3 27. axb3 Ra3
28. Rfe1 Rxe1+ 29. Rxe1 h6 30. Qc4 Bf8 31. Nfe5 Qe6 32. Qxe6 fxe6 33. b4 Bg7
34. Rd1 Ne7 35. b5 Rc3 36. f4 g5 37. g3 Nf5 38. c6 bxc6 39. bxc6 Nxg3 40. fxg5
hxg5 41. Kg2 Nf5 42. Rb1 Ne3+ 43. Kf3 Bxe5 44. Nxe5 Nc4+ 45. Ke4 Nd2+ 0-1

[Event "Quebec op U2000"]
[Site "Longueuil CAN"]
[Date "2018.07.25"]
[Round "6.34"]
[White "Samson, Gaetan"]
[Black "Guipi Bopala, Prince Eric jr"]
[Result "0-1"]
[WhiteElo "1755"]
[BlackElo "1796"]
[PlyCount "94"]
[EventDate "2018.07.21"]
[EventType "swiss"]
[EventRounds "9"]
[EventCountry "CAN"]

1. e4 e5 2. Nf3 Nc6 3. Bb5 a6 4. Ba4 Nf6 5. O-O Be7 6. Re1 b5 7. Bb3 O-O 8. c3
d5 9. d4 Nxe4 10. Nxe5 Nxe5 11. dxe5 c6 12. Nd2 Nc5 13. Bc2 Re8 14. Nf1 Bf8 15.
Ng3 g6 16. f4 Bg7 17. b4 Nd7 18. Be3 Nb6 19. Bd4 Nc4 20. Qf3 Bd7 21. Re2 a5 22.
Bd3 axb4 23. cxb4 Ra3 24. Rae1 Bg4 25. Qxg4 Rxd3 26. f5 Rd2 27. f6 Rxe2 28.
Rxe2 Bf8 29. e6 fxe6 30. f7+ Kxf7 31. Rf2+ Kg8 32. Nh5 e5 33. Nf6+ Kg7 34.
Nxe8+ Qxe8 35. Bc3 c5 36. a3 Nxa3 37. Qf4 Nc4 38. Qf6+ Kg8 39. Re2 d4 40. Ba1
d3 41. Rxe5 Nxe5 42. Bxe5 Qe7 43. Qh8+ Kf7 44. Qxh7+ Ke6 45. Qxg6+ Kxe5 46.
Qxd3 cxb4 47. Qxb5+ Qc5+ 0-1